000 01226nam0a22002531 4500
001 rc\3404877
005 20260409062827.0
021 _aRU
_bРг8604-69
035 _a(NLR Aleph) 007548561
090 _a5176024
_c5176024
100 _a20130115d1969 |||y0rusy50 ca
101 0 _arus
102 _aRU
105 _aa b |||||
200 1 _aРольганговые электропечи сопротивления, применяемые в машиностроении
_e[Каталог]
_f[Изготовители: Новосиб. завод электротерм. оборудования и Бакинский опытно-эксперим. завод]
210 _aМосква
_cБ. и.
_d[1969]
215 _a8 с., 1 отд. л. черт.
_cил.
_d29
225 1 _aОтделение ВНИИЭМ по научно-технической информации в электротехнике. (Информэлектро)
_v12.08.04-69
712 0 2 _aНовосибирский завод электротермического оборудования
_3RU\NLR\AUTH\8810216653
_9319204
801 0 _aRU
_bNLR
_gpsbo
801 1 _aRU
_bELAR
_2rusmarc
852 _aNLR
_jПт 20/1-12.08.01-69
942 _cBOOK
980 _aNB